00649nam a2200121Ia 4500020001800000082002100018245003600039260004300075300000900118520026300127650006900390710006800459 a9788123027388 aRR 030.954bIND- aIndia 2018: a reference annual aNew DelhibPublications Divisionc2018 a748p aThe reference book is an authoritative compilation of the complete information about the current affairs of the country, which includes important dignitaries, state policy, public schemes and important data related to demographics, trade, economy and others. aEconomic Development of India vInfrastructure and Skilled Labor aIndia. Ministry of Information and Broadcasting. New Media Wing